Géographie: PACA - Statistiques

Statistiques générales
  • Ce quiz a été pris 173 fois
  • Le résultat moyen est 18 sur 28
Statistiques - réponses
Questions Réponses % Correct
Nice
100%
Quelles sont les 5 plus grandes ville de PACA ? Marseille
99%
Dans quelle ville se déroule un festival de cinéma ? Cannes
96%
Bouches-du-Rhône
94%
Var
93%
Alpes-Maritimes
92%
Toulon
92%
Vaucluse
90%
Quelle ville, frontalière de l'Italie, est célèbre pour ses citrons ? Menton
87%
Hautes-Alpes
85%
Quels départements constituent la région ? Alpes-de-Haute-Provence
83%
Avignon
80%
Quelle ville du Vaucluse porte le nom d'une couleur ? Orange
80%
Dans quelle commune du Var se situe une célèbre gendarmerie avec Louis de Funès et Michel Galabru notamment? Saint-Tropez
77%
Aix-en-Provence
69%
En quelle année l'Olympique de Marseille a remporté la Ligue des Champions ? 1993
68%
Quelle ville, sous préfecture des Alpes-Maritimes, est réputée pour ses parfums ? Grasse
64%
Contre quelle équipe italienne ? AC Milan
55%
Quel artiste a peint La nuit des étoiles sur le Rhône ? Vincent Van Gogh
55%
Quelle est la spécialisation du port de Toulon ? Militaire
50%
Quel rivière à fort débit se jette dans le Rhône à Avignon ? Durance
49%
Dans quelle espace se situe de le delta du Rhône ? Camargue
46%
Quel pôle technologique se situe dans les Alpes Maritimes ? Sophia Antipolis
40%
Quel grand lac artificiel a été crée en 1959, dans les Alpes ? Serre-Ponçon
38%
Quels sont les éléments de la Trinité Méditerranéenne ? Olive
8%
Blé
5%
Vigne
2%
Quel col mythique du tour de France a vu Richard Carapaz franchir sa ligne en premier, avant de voir Tadej Pogacar gagner l'étape ? Col de Vars
1%
Aucun quiz correspondant
Distribution des résultats
% des personnes avec chaque résultat
Percentile par nombre de réponses
Votre historique - résultats
Vous n’avez pas pris ce quiz